000 00553nam a22001817a 4500
005 20231121085622.0
008 231121b |||||||| |||| 00| 0 eng d
020 _a9780702194191
041 _aEnglish
082 _a342.8 VAN
100 _avan der Walt , AJ
_lEnglish
245 _aConstitutional Property Law /
_cAJ van der Walt
250 _aThird Edition
260 _aCape Town :
_bJuta and Company Ltd,
_c2011
300 _bxviii, 664 pages ;
_c25,5 cm.
650 _aLegal practice
_bLaw
942 _cBK
_6ALISON_BN_VRIES
999 _c827
_d827